Deutsche Landeshauptstädte - 30 Sekunden Sprint - Statistiken

Allgemein
  • Dieses Quiz wurde 204 mal gespielt
  • Das Durchschnittsergebnis liegt bei 11 aus 16
Antworten auf der Karte
Die Antworten werden auf der Karte rot bzw. grün angezeigt, abhängig davon wie oft sie richtig erraten wurden.
 
Antwortstatistiken
Bundesland Hauptstadt % Korrekt
(Stadtstaat) Berlin
91%
(Stadtstaat) Hamburg
89%
Bayern München
82%
(Stadtstaat) Bremen
80%
Baden-Württemberg Stuttgart
74%
Nordrhein-Westfalen Düsseldorf
72%
Schleswig-Holstein Kiel
71%
Hessen Wiesbaden
66%
Mecklenburg-Vorpommern Schwerin
65%
Rheinland-Pfalz Mainz
64%
Niedersachsen Hannover
61%
Sachsen Dresden
59%
Saarland Saarbrücken
59%
Thüringen Erfurt
58%
Sachsen-Anhalt Magdeburg
51%
Brandenburg Potsdam
50%
Keine übereinstimmenden Quizze gefunden
Verteilung der Resultate
Anzahl Personen mit jedem Resultat
Perzentil nach korrekt beantworteten Fragen
Ihre Resultats-Entwicklung
Sie haben dieses Quiz noch nicht gespielt